000
00287nam a2200109Ia 4500
008
190216s9999||||xx |||||||||||||| ||und||
100
_a
"Srivastava Rm, & Divya Nigam"
245
0
_a
Corporate Strategic Management
260
_b
Sulthan Chand&Sons
_c
2000
300
_a
310p
942
_c
BK
999
_c
6081
_d
6081